书目信息 |
| 题名: |
曾国藩治学方法
|
|
| 作者: | 胡哲敷 著 | |
| 分册: | ||
| 出版信息: | 北京 当代中国出版社 2015 |
|
| 页数: | 15,186页 | |
| 开本: | 20cm | |
| 丛书名: | ||
| 单 册: | ||
| 中图分类: | G795 | |
| 科图分类: | ||
| 主题词: | ||
| 电子资源: | ||
| ISBN: | 978-7-5154-0490-5 | |
| 000 | 00760nam0 22002411 450 | |
| 001 | 387724 | |
| 005 | 20170502165527.0 | |
| 010 | @a978-7-5154-0490-5@dCNY28.00 | |
| 100 | @a20151029d2015 em y0chiy50 ea | |
| 101 | 0 | @achi |
| 102 | @aCN@b110000 | |
| 105 | @ay z 000yy | |
| 106 | @ar | |
| 200 | 1 | @a曾国藩治学方法@9zeng guo fan zhi xue fang fa@f胡哲敷著 |
| 210 | @a北京@c当代中国出版社@d2015 | |
| 215 | @a15,186页@d20cm | |
| 300 | @a小书馆 第一辑 | |
| 330 | @a本书是一部精神的冶炼志,有关人生的各个方面。全书共分四编,内容包括:总论、修养、治事、读书等。 | |
| 600 | 0 | @a曾国藩@Azeng guo fan@f(1811-1872)@x治学方法 |
| 690 | @aG795@v5 | |
| 701 | 0 | @a胡哲敷@9hu zhe fu@f(1898~)@4著 |
| 801 | 0 | @aCN@b百万庄@c20170308 |
| 905 | @b1003600-5@dG795@e569@f6 | |
| 曾国藩治学方法/胡哲敷著.-北京:当代中国出版社,2015 |
| 15,186页;20cm |
| 小书馆 第一辑 |
| ISBN 978-7-5154-0490-5:CNY28.00 |
| 本书是一部精神的冶炼志,有关人生的各个方面。全书共分四编,内容包括:总论、修养、治事、读书等。 |
| ● |
| 相关链接 |
|
|
|
|
正题名:曾国藩治学方法
索取号:G795/569
 
预约/预借
| 序号 | 登录号 | 条形码 | 馆藏地/架位号 | 状态 | 备注 |
| 1 | 1003600 | 210036003 | 第一样本阅览室/ [索取号:G795/569] | 在馆 | |
| 2 | 1003601 | 210036012 | 教育系资料室/ [索取号:G795/569] | 在馆 | |
| 3 | 1003602 | 210036021 | 教育系资料室/ [索取号:G795/569] | 在馆 | |
| 4 | 1003603 | 210036030 | 教育系资料室/ [索取号:G795/569] | 在馆 | |
| 5 | 1003604 | 210036049 | 第四借阅区/ [索取号:G795/569] | 在馆 | |
| 6 | 1003605 | 210036058 | 第四借阅区/ [索取号:G795/569] | 在馆 |